| 000 | 00368nam a22001457a 4500 | ||
|---|---|---|---|
| 003 | OSt | ||
| 005 | 20160727222404.0 | ||
| 008 | 160623b xxu||||| |||| 00| 0 eng d | ||
| 040 | _cTest | ||
| 100 |
_9782 _aLindholm, R.W., et al |
||
| 245 | _aOur American Economy | ||
| 260 |
_aN.Y _b Harcourt, Brace & World.Inc. _c1964 |
||
| 300 | _aOur American Economy | ||
| 942 |
_2ddc _cBK |
||
| 999 |
_c626 _d626 |
||